LEADER 01139nam a2200229 a 4500 001 000000153158 003 CaOOAMICUS 005 20160721134116.0 008 160721s2005 it u000 u ita r 032 $aLibriCat 040 $aPUL$bita 245 02$aL'insegnamento del diritto ecclesiastico nelle facoltà di Scienze Politiche /$ca cura di Gianfranco Macrì. 260 $aSalerno :$bUniversità degli Studi di Salerno. Dipartimento di teoria e storia delle istituzioni,$c2005. 300 $a77 p. ;$c24 cm. 650 4$aDiritto ecclesiastico$zItalia$xStudio e insegnamento.$0(OLS)http://pul/subject/2960 700 1 $aMacrì, Gianfranco.$0(OLS)http://pul/name/59579 850 $aPUL 852 $aPUL$W1$xDP1 Fondo G. Barberini$y122$m3 C 69$j162952$qFondi$B178788$CPULBib$Z2$F178788 $HBar1083 $81 941 1 $a1 996 $6245$aL'insegnamento del diritto ecclesiastico nelle facoltà di Scienze Politiche$9(OLS)http://pul/title/192583 996 $6260$aSalerno :$bUniversità degli Studi di Salerno. Dipartimento di teoria e storia delle istituzioni$9(OLS)http://pul/publisher/85210 LEADER 01113nam a2200289 a 4500 001 000000167485 003 CaOOAMICUS 005 20180504130944.0 008 180504s1986 it u000 u ita r 020 $z88-215-1060-3* 032 $aLibriCat 040 $aPUL$bita 100 1 $aBaldini, Massimo,$d1947-2008.$0(OLS)http://pul/name/5596 245 13$aLe parole del silenzio / $cMassimo Baldini . 260 $aCinisello Balsamo :$bSan Paolo,$c©1986. 300 $a207 p. ;$c18 cm. 490 1 $aNuovi fermenti ;$v01 504 $aInclude riferimenti bibliografici. 650 4$aSilenzio.$0(OLS)http://pul/subject/711 830 0$aNuovi fermenti ;$v01.$0(OLS)http://pul/title/146665 850 $aPUL 852 $aPUL$W1$xDP1 Fondo Dalla Palma$y117$m3 B 62$j163186$qFondi$B195134$CPULBib$Z2$F195134 $HDal2318 $81 941 1 $a1 996 $6020$z88-215-1060-3*$9(OLS)http://pul/number/163926 996 $6245$aLe parole del silenzio / $9(OLS)http://pul/title/207547 996 $6260$aCinisello Balsamo :$bSan Paolo$9(OLS)http://pul/publisher/54577